E-commerce vo vybranom podniku v SR diplomová práca

Salvato in:
Dettagli Bibliografici
Autore principale: Gošáni, Erik
Ente Autore: Podnikovohospodárska fakulta EU so sídlom v Košiciach. Katedra hospodárskej informatiky a matematiky
Altri autori: Lyócsa, Štefan, 1982-
Natura: Libro
Lingua:slovacco
Pubblicazione: Košice 2011
Tags: Aggiungi Tag
Nessun Tag, puoi essere il primo ad aggiungerne!!

MARC

LEADER 00000nbm a2200000 4500
001 0130510
005 20161109101541.4
041 0 |a slo 
044 |a SK 
245 1 0 |a E-commerce vo vybranom podniku v SR  |b diplomová práca  |c Erik Gošáni ; školiteľ: Štefan Lyócsa 
264 1 |a Košice  |c 2011 
300 |a 69 s. 
100 1 |a Gošáni, Erik 
700 1 |a Lyócsa, Štefan, 1982- 
710 2 |a Podnikovohospodárska fakulta EU so sídlom v Košiciach. Katedra hospodárskej informatiky a matematiky